|
|
|
|
| LEADER |
01204nam a22002897a 4500 |
| 001 |
43554 |
| 003 |
BD-DhAAL |
| 005 |
20241102204036.0 |
| 008 |
241020t2007 enka|||| |||| 00| 0 eng d |
| 020 |
|
|
|a 0340849517
|
| 040 |
|
|
|a BD-DhAAL
|d BD-DhAAL
|
| 082 |
|
|
|a 658.4092
|2 23
|
| 100 |
|
|
|a O'Connor, Carol A.
|9 56997
|
| 245 |
|
|
|a Leadership in a week /
|c Carol A. O'Connor.
|
| 260 |
|
|
|a London :
|b Hodder & Stoughton,
|c ©1994 [Tenth impression 2007].
|
| 300 |
|
|
|a 95 pages :
|b illustrations ;
|c 20 cm.
|
| 490 |
|
|
|a In a week
|
| 500 |
|
|
|a At head of cover: Chartered Management Institute
Endorsed by the Chartered Management Institute
Previous edition: published as: Successful leadership in a week. London : Hodder & Stoughton, 1998
|
| 541 |
|
|
|a Savar campus library
|e 43554
|
| 650 |
|
|
|a Leadership.
|
| 650 |
|
|
|a Executives.
|
| 650 |
|
|
|a Management.
|
| 710 |
|
|
|a Chartered Management Institute (Great Britain)
|9 56998
|
| 830 |
|
|
|a In a week
|9 56963
|
| 942 |
|
|
|2 ddc
|c BK
|
| 999 |
|
|
|c 47032
|d 47032
|
| 952 |
|
|
|0 0
|1 0
|2 ddc
|4 0
|6 658_409200000000000_OCO
|7 0
|9 76707
|a SCL
|b SCL
|c GEN
|d 2024-10-20
|e Savar Campus Library
|g 185.00
|l 0
|o 658.4092 OCO
|p 3020043554
|r 2024-10-20
|t 1
|w 2024-10-20
|y BK
|x Price available in register.
|